000 00733nam a2200241Ia 4500
003 OSt
005 20220925231235.0
006 a|||||r|||| 00| 0
007 ta
008 220923b |||||||| |||| 00| 0 eng d
020 _a0299139301
037 _cGeneral Book
040 _aRTL
_cRTL
_beng
041 _2eng
_aeng
082 _aX9(J).6.N9, N3
100 _aBerry Sara
_9295038
245 0 _aNo condition is permanent
_b The social dynamics of agarian change in sub-saharan cities
260 _aMadison
_bUniversity of Wisconsin
_c1993
300 _axiv, 258p. Bib p 239-51
_ccm.
650 _aAgricultural Industry
942 _hX9(J).6.N9, N3
_cGB
_2CC
999 _c587820
_d587820